| 000 | 00574nam a2200193 a 4500 | ||
|---|---|---|---|
| 005 | 20210223120956.0 | ||
| 008 | 991125c1978 por 000 0 eng u | ||
| 035 | _aUPN01000010046 | ||
| 049 | _aCG | ||
| 050 | 4 |
_aQA76.9 C65 _bG3.2 |
|
| 100 | 1 | _aGarrett, Roger | |
| 245 | 1 | 4 |
_aThe complete star ship : _ba simulation project / _cRoger Garrett |
| 260 |
_aPortland, E.U.A : _bDilithium, _c1978 |
||
| 300 | _a130 p | ||
| 440 | 0 |
_aDP series in games; _v1 |
|
| 650 | 4 |
_aPROGRAMACION (COMPUTADORAS ELECTRONICAS) _913000 |
|
| 650 | 4 |
_aMETODOS DE SIMULACION _96528 |
|
| 905 | _aLibro | ||
| 999 |
_c10046 _d10046 |
||